02938cam a2200433 4500952015600000999001700156001000800173003000900181005001700190008004100207010001700248015002100265020002200286040002800308043001200336050001800348082001900366245021000385260004300595300005000638350002600688500007400714500005100788500021400839500005101053504004101104505093101145651005602076651006002132700002902192700005002221700002702271710002602298710002602324740005602350740004102406906004502447942001202492 00102ddc40718NFICaASLbASLcGENd2021-02-24eASB Library CollectionshV-7l0o327.4205 CONp106477r2021-02-24 00:00:00tC-1w2021-02-24yBKzRARE c22276d222761245377BDDh-ASL20231015030118.0710223m19701983enkbh b 001 0 eng  a 72129254  aB70-17210 (v. 1) a0115800166 (v. 1) aDLCcDLCdDLCbBDDh-ASL aa-ii---00aDS480.83b.T700a327.4205bCON 04aConstitutional Relations Between Britain and India: The Transfer of power 1942-7, Vol.-7, The Cabinet Mission, 23 March - 29 June 1946 /ceditor-in-chief Nicholas Mansergh, assistant editor E. W. R. Lumby. aLondon: bH.M.S.O.,c1970-1983.c1977. av-7, 1130 p. : bfacsims., col. maps.c28 cm. a£7/-/- (v. 1) varies aAt head of title: Constitutional relations between Britain and India. aOn spine: India; the transfer of power 1942-7. aUnpublished documents drawn either from the official archives of the India Office in the custody of the India Office Records or from the private collections of the Viceregal papers in the India Office Library. aBeginning with v. 5, assistant editor P. Moon. aIncludes bibliographical references.0 av. 1. The Cripps Mission, January-April 1942.--v. 2. Quit India, 30 April-21 September 1942.--v. 3. Reassertion of authority, Gandhi's fast, and the succession to the Viceroyalty, 21 September 1942-12 June 1943.--v. 4. The Bengal famine and the new Viceroyalty, 15 June 1943-31 August 1944.--v. 5. The Simla Conference, background and proceedings, 1 September 1944-28 July 1945.--v. 6. The post-war phase: new moves by the Labour Government, 1 August 1945-22 March 1946.--v. 7. The cabinet mission, 23 March-29 June 1946.--v. 8. The interim government, 3 July-1 November 1946.--v. 9. The fixing of a time limit, 4 November 1946-22 March 1947.--v. 10. The Mountbatten Viceroyalty, the formation of a plan, 22 March-30 May 1947.--v. 11. The Mountbatten Viceroyalty announcement and reception of the 3 June plan 31 May-7 July 1947.--v. 12. The Mountbatten Viceroyalty, princes, partition, and independence, 8 July-15 August 1947. 0aIndiaxPolitics and governmenty1919-1947xSources. 0aIndiaxHistoryyBritish occupation, 1765-1947xSources.1 aMansergh, Nicholas,eed.1 aLumby, E. W. R.q(Esmond Walter Rawson),eed.1 aMoon, Penderel,d1905-2 aIndia Office Records.2 aIndia Office Library. aConstitutional relations between Britain and India. aIndia; the transfer of power 1942-7. a7bcbccorignewd4encipf19gy-gencatlg 2ddccBK